000 00810nam a22002411u 4500
001 05860
003 HDC
007 cr bn ---aaaaa
008 210121p2015 | d 00 engg
040 _aHDC
245 0 _aState Of The Global Islamic Economy: 2014 - 2015 Report
260 _a[no place] :
_b[publisher not identified],
_c2015
300 _a 1 online resource (288 pages)
336 _atext
_2rdacontent
337 _acomputer
_2rdamedia
338 _aonline resource
_2rdacarrier
650 _abusiness and consumer
_96157
650 _aIslamic economy
_9366
856 _zRequest full-text at [email protected]
942 _2lcc
942 _cEIS
942 _kREPT 000210
999 _c3184
_d3184